Gibt es eine transnationale bürgergesellschaft? /

Salvato in:
Dettagli Bibliografici
Autore principale: Leggewie, Claus
Natura: testo
Tags: Aggiungi Tag
Nessun Tag, puoi essere il primo ad aggiungerne!!

MARC

LEADER 00000 a a2200000 04500
001 47893
003
040
100 |a Leggewie, Claus  
245 |a Gibt es eine transnationale bürgergesellschaft? /  |c Claus Leggewie  
773 |g número2, (2001), páginas 154-164  
999 |c 38135  |d 38135